| 000 | 01935nam a2200469 a 4500 | ||
|---|---|---|---|
| 005 | 20240424102812.0 | ||
| 008 | 100309s2012||||sp il. f |||| 001 0 spa d | ||
| 020 | _a9788480869706 | ||
| 041 | _aspa | ||
| 092 |
_c616 _l30 _sGOL |
||
| 100 | 1 |
_aGoldman, Lee _eEd. _91800 |
|
| 245 |
_aCECIL. Tratado de Medicina Interna. _bT.2 / _cLee Goldman |
||
| 250 |
_a24a ed. versión en español de la 24 ed. de la obra original en inglés _bRevisión científica y técnica Carlos Barros Aguado [et. al] |
||
| 260 |
_aBarcelona: _bElsevier ; Saunders; _c2012. |
||
| 300 | _a1344-2576 p. | ||
| 500 | _aGoldman, L. (Ed.) et al. (2012). CECIL. Tratado de medicina interna. T.2 (24a ed.). Barcelona : Elsevier ; Saunders. | ||
| 653 | _aEnfermedades metabólicas | ||
| 653 | _aEnfermedades nutricionales | ||
| 653 | _aSalud endocrinas | ||
| 653 | _aSalud en la mujer | ||
| 653 | _aEnfermedades del metabolismo óseo y mineral | ||
| 653 | _aEnfermedades de la alergia y la inmunología clínica | ||
| 653 | _aEnfermedades reumáticas | ||
| 653 | _aEnfermedades infecciosas | ||
| 653 | _aVirus de la inmunodeficiencia adquirida y Sindrome de inmunodeficiencia adquirida | ||
| 653 | _aNeurología | ||
| 653 | _aEnfermedades de los ojos, los oídos, la nariz y la garganta | ||
| 653 | _aConsulta médica | ||
| 653 | _aEnfermedades de la piel | ||
| 653 | _aApéndice: intervalos de referencia y valores de laboratorio | ||
| 700 | 1 |
_aSchafer, Andrew I. _eEd. _92511 |
|
| 700 | 1 |
_aArend. William P. _eEd. Asoc. _93557 |
|
| 700 | 1 |
_aArmitage, James O. _eEd. Asoc. _93558 |
|
| 700 | 1 |
_aClemmons, David R. _93559 |
|
| 700 | 1 |
_aDrazen, Jeffrey M. _eEd. Asoc. _93560 |
|
| 700 | 1 |
_aGriggs, Robert C. _eEd. Asoc. _93561 |
|
| 700 | 1 |
_aLandry, Donald W. _eEd. Asoc. _93562 |
|
| 700 | 1 |
_aLevinson, Wendy _eEd. Asoc. _93563 |
|
| 700 | 1 |
_aRustgi, Anil K. _eEd. Asoc. _93564 |
|
| 700 | 1 |
_aScheld, W. Michael _eEd. Asoc. _93565 |
|
| 942 |
_2ddc _cBK |
||
| 999 |
_c1578 _d1578 |
||